NWA Members - Statistics

General Stats
  • This quiz has been taken 40 times
  • The average score is 5 of 6
Answer Stats
Years Active Rapper % Correct
1987 - 1989 Ice Cube
100%
1986 - 1991 Dr. Dre
97%
1986 - 1991 Eazy-E
97%
1987 - 1991 MC Ren
89%
1987 - 1991 DJ Yella
77%
1987 - 1988 Arabian Prince
46%
No matching quizzes found
Score Distribution
Percent of People with Each Score
Percentile by Number Answered
Your Score History
You have not taken this quiz